LEADER 01227nam a2200277 u 4500 001 000000063143 003 CaOOAMICUS 005 20070226121218.0 008 011019s1973 it u000 u ita u 035 $a10907058 040 $aPUL(R)$bita 100 1 $aBartolomei, Maria Cristina.$0(OLS)http://pul/name/15612 245 10$aTomismo e principio di non contraddizione /$cMaria Cristina Bartolomei. 260 $aPadova :$bCEDAM,$c1973. 300 $a110 p. ;$c24 cm 490 1 $aPubblicazioni della Scuola di perfezionamento in filosofia dell'Università di Padova.$aQuaderni di storia della filosofia ;$v6 500 $aComprende indici. 504 $aBibliografia in nota. 650 4$aTomismo.$0(OLS)http://pul/subject/597 830 0$aPubblicazioni della Scuola di perfezionamento in filosofia dell'Università di Padova.$pQuaderni di storia della filosofia ;$v6.$0(OLS)http://pul/title/69900 850 $aPUL 852 $aPUL$W1$xDP2 Religione 1$y63$m71 A 43$j81971$nBK-PRI$qStampati$B81971$CPULBib$Z2$F81971 $82 941 1 $a8 961 $aINV: 38844 996 $6245$aTomismo e principio di non contraddizione$9(OLS)http://pul/title/84217 996 $6260$aPadova :$bCEDAM$9(OLS)http://pul/publisher/48126 LEADER 01585nam a2200325 a 4500 001 000000168622 003 CaOOAMICUS 005 20180711090251.0 008 180711s2016 gw m 001 u eng r 020 $a978-3-631-66055-3* 032 $aLibriCat 040 $aPUL$bita 082 04$a276 100 1 $aBerggren, Erik.$0(OLS)http://pul/name/108643 245 10$aCatholicity challenging ethnicity :$ban ecclesiological study of congregations and churches in post-apartheid South Africa /$cErik Berggren. 260 $a[S.l.] :$bPL Academic Research,$c2016$aFrankfurt am Main :$bPeter Lang 300 $a448 p. ;$c21 cm. 490 1 $aEuropean university studies. Series XXIII. Theology ;$v954 504 $aBibliografia in nota. 610 24$aChiesa cattolica$zSud Africa.$0(OLS)http://pul/subject/35569 830 0$aEuropean University Studies.$pSeries XXIII.$pTheology ;$v954.$0(OLS)http://pul/title/162670 850 $aPUL 852 $aPUL$W1$xSL Religione 3$y85$m276 BERER 1$j192062$qDDC 21$B196545$CPULBib$Z2$F196545 $H131145 $81 941 1 $a9 996 $6020$a978-3-631-66055-3*$9(OLS)http://pul/number/164498 996 $6082$a276$9(OLS)http://pul/classification/2433 996 $6245$aCatholicity challenging ethnicity :$ban ecclesiological study of congregations and churches in post-apartheid South Africa$9(OLS)http://pul/title/209054 996 $6260$a[S.l.] :$bPL Academic Research$9(OLS)http://pul/publisher/86821 996 $6260$aFrankfurt am Main :$bPeter Lang$9(OLS)http://pul/publisher/65825